• 首页
  • 本馆介绍
  • 公告通知
  • 最新文献
  • 馆藏检索
  • 电子资源
  • 读者导购
  • 参考咨询
  • 我的图书馆
  • 登录
  • 详细信息显示
  • 放入我的书架
  • 预约/预借图书
  • 作者相关作品
  • 分类相关作品
  • 丛书相关作品
  • 出版社相关作品

书目信息

  • 表格格式
  • 工作单格式
  • 卡片格式
题名:
食品安全控制
    
 
作者: 辛志宏 主编
分册:  
出版信息: 北京   化学工业出版社  2017.06
页数: 258页
开本: 26cm
丛书名:
单 册:
中图分类: TS207.7
科图分类:
主题词: 食品--质量控制--高等学校--教材
电子资源:
ISBN: 978-7-122-29257-5
000 00869nam0 2200241 450
001 0400007833
005 20171110094435.0
010    @a978-7-122-29257-5@dCNY45.00
100    @a20170802d2017 em y0chiy50 ea
101 0  @achi
102    @aCN@b110000
105    @aa z 000yy
106    @ar
200 1  @a食品安全控制@Ashi pin an quan kong zhi@f辛志宏主编
210    @a北京@c化学工业出版社@d2017.06
215    @a258页@c图@d26cm
300    @a普通高等教育“十三五”规划教材 食品科技系列
330    @a本书介绍了国内外食品安全存在的主要问题、产生原因和解决措施,重点介绍了影响食品安全的生物性、化学性和物理性危害,分析了食品安全问题产生途径、对人体安全的危害和控制这些危害的措施。
606 0  @a食品@x质量控制@x高等学校@j教材
690    @aTS207.7@v5
701  0 @a辛志宏@Axin zhi hong@4主编
801  0 @aCN@b上海新华@c20171110
905    @b1024521-5@dTS207.7@e262@f5
    
    食品安全控制/辛志宏主编.-北京:化学工业出版社,2017.06
    258页:图;26cm
    普通高等教育“十三五”规划教材 食品科技系列
    
    ISBN 978-7-122-29257-5:CNY45.00
    本书介绍了国内外食品安全存在的主要问题、产生原因和解决措施,重点介绍了影响食品安全的生物性、化学性和物理性危害,分析了食品安全问题产生途径、对人体安全的危害和控制这些危害的措施。
●
相关链接 在E读中查询图书 在五车中查询图书 在当当中查询图书 在豆瓣中查询图书


正题名:食品安全控制     索取号:TS207.7/262         预约/预借

序号 登录号 条形码 馆藏地/架位号 状态 备注
1 1024521   210245215   第二样本阅览室/ [索取号:TS207.7/262] 在馆    
2 1024522   210245224   密集书库-生命科学系/ [索取号:TS207.7/262] 在馆    
3 1024523   210245233   第三借阅区/ [索取号:TS207.7/262] 在馆    
4 1024524   210245242   第三借阅区/ [索取号:TS207.7/262] 在馆    
5 1024525   210245251   第三借阅区/ [索取号:TS207.7/262] 在馆    
唐山师范学院图书馆 欢迎您!
大连网信软件有限公司© 版权所有